000 00799nam a2200205 a 4500
001 BRCA_1817
005 20190320203549.0
008 900417s2004 mx-a---###---#001-0#spa-d
020 _a9709703013 (v. 2)
050 4 _aN910.M36
_b.C38 2004
245 1 0 _aCatálogo comentado del acervo del Museo Nacional de Arte
_bNueva España
_cRogelio Ruiz Gomar ... [et al.].
260 _aMéxico
_bUNAM, Instituto de Investigaciones Estéticas : CONACULTA : INBA : Patronato del Museo Nacional de Arte
_c2004
300 _a427 p.
_bil. (algunas a color)
_c24 cm.
500 _aColección Sonia Corcuera de Mancera
610 2 4 _aMuseo Nacional de Arte (Ciudad de México)
_xColecciones de arte
_93482
651 4 _aNueva España
_95612
700 1 _aRuiz Gomar, Rogelio
_93907
902 _aDSC
942 _2lcc
_cB
999 _c1598
_d1598